=LDR 00000nam 2200000 4500 =001 INLIS000000000010036 =005 20130612101756 =008 ***********************************Ind** =035 ##$$0010-061300000010036 =041 ##$$a Ind =082 ##$$a F Rom K =090 ##$$a F Rom K, Dul a =100 ##$$a Dulche, Yolanda Vargas =245 ##$$a Ann ada monyet, Yolanda Vargas Dulche =260 ##$$a 1986 $b Jakarta =300 ##$$a 32 hlm, ilus, 21 cm =650 ##$$a Fiksi anak-anak =850 ##$$a NBPNMAT